Piłkarska kariera - Cristiano Ronaldo - Statystyki

Ogólne statystyki
  • Ten quiz został rozwiązany 589 razy
  • Średni wynik to 6 z 6
Statystyki odpowiedzi
Kraj klubu Rok Klub % Poprawnych
Hiszpania 2009–2018 Real Madryt
99%
Wlochy 2018–2021 Juventus
96%
Anglia 2003–2009 Manchester United
96%
Anglia 2021–2022 Manchester United
96%
Portugalia 2002–2003 Sporting
92%
Arabia Saudyjska 2023-teraz Al Nassr
82%
Nie znaleziono quizów pasujących do podanych kryteriów
Rozkład punktacji
Procent ludzi z każdym wynikiem
Percentyl według liczby udzielonych odpowiedzi
Twoja historia wyników
Nie rozwiązałeś tego quizu